Internationale Fachtagung : Informationszentren in Wirtschaft und Verwaltung /

Kaydedildi:
Detaylı Bibliyografya
Kurumsal yazarlar: Internationale Fachtagung Informationszentren in Wirtschaft und Verwaltung Cologne, Germany, GI-Fachausschuss 8., Universität zu Köln. Betriebswirtschaftliches Institut für Organisation und Automation
Diğer Yazarlar: Schmitz, Paul
Materyal Türü: Konferans Sunumu Kitap
Dil:English
Baskı/Yayın Bilgisi: Berlin : Springer-Verlag, 1974.
Seri Bilgileri:Lecture notes in computer science ; 9
Konular:
LEADER 01830nam a2200349 i 4500
001 c000243069
003 CARM
005 00000000000000.0
008 840308s1974 gw a b 100 0 eng d
019 1 |a 1101309  |z 41555388  |5 LACONCORD2021 
020 |a 3540067035 
035 |a (OCoLC)1020442  |5 LACONCORD2021 
041 0 |a engger 
082 0 4 |a 025.063 
111 2 |a Internationale Fachtagung Informationszentren in Wirtschaft und Verwaltung  |d (1973 :  |c Cologne, Germany) 
245 1 0 |a Internationale Fachtagung :  |b Informationszentren in Wirtschaft und Verwaltung /  |c herausgegeben im Auftrag der GI und dem BIFOA von P. Schmitz. 
246 3 |a GI-BIFOA International Fachtagung: Informationszentren in Wirtschaft und Verwaltung 
260 |a Berlin :  |b Springer-Verlag,  |c 1974. 
300 |a 259p. :  |b ill. 
440 0 |a Lecture notes in computer science ;  |v 9 
500 |a Cover title: GI-BIFOA Internationale Fachtagung: Informationszentren in Wirtschaft und Verwaltung. 
500 |a Sponsored by the Gesellschaft fur Informatik, Fachausschuss 8: Methoden der Informatik fur spezielle Anwendungen and the Betriebswirt-schaftliches Institut fur Organisation und Automation, Universitat Koln. 
504 |a Includes bibliographies. 
546 |a English or German. 
650 0 |a Information storage and retrieval systems  |x Political science. 
650 0 |a Information storage and retrieval systems  |x Social sciences. 
700 1 |a Schmitz, Paul. 
710 2 |a GI-Fachausschuss 8. 
710 2 |a Universität zu Köln.  |b Betriebswirtschaftliches Institut für Organisation und Automation. 
852 8 |b CARM  |h A2:AQ30B0  |i C08561  |p 0330404  |f BK 
999 f f |i ab5a6d37-7ade-5124-9e03-45034b3ae0bf  |s 3ef97cdc-0c9a-5f3f-8c03-a8970a602c88 
952 f f |p Can circulate  |a CAVAL  |b CAVAL  |c CAVAL  |d CARM 1 Store  |e C08561  |f A2:AQ30B0  |h Other scheme  |i book  |m 0330404